| 000 | 01279nam a2200325 a 4500 | ||
|---|---|---|---|
| 001 | 13878 | ||
| 003 | BD-RjUL | ||
| 005 | 20211208235529.0 | ||
| 008 | 140202s1972 ne a b 101 0 eng | ||
| 020 | _a0444104372 (American Elsevier) | ||
| 020 | _a0720441269 North Holland | ||
| 035 | _a(BD-RjUL)13930 | ||
| 040 |
_aDLC _cDLC _dDLC _dBD-RjUL _beng |
||
| 041 | _aeng | ||
| 082 | 0 | 0 |
_a595.7013 _bINS 1972 |
| 111 | 2 |
_aInternational Conference on the Significance of Insect and Mite Nutrition, _cUniversity of Kentucky, _d1972. _943385 |
|
| 245 | 1 | 0 |
_aInsect and mite nutrition : _bsignificance and implications in ecology and pest management / _cEdited by J. G. Rodriguez. |
| 260 |
_aAmsterdam : _bNorth-Holland Pub. Co., _c1972. |
||
| 300 |
_axiii, 702 p. : _billus. ; _c25 cm. |
||
| 500 | _a"Sole distributors for the U.S.A. and Canada: American Elsevier Publishing Company, Inc. ... New York." | ||
| 504 | _aIncludes bibliographies and index. | ||
| 650 | 0 |
_aInsects _xPhysiology _xCongresses. _943378 |
|
| 650 | 0 |
_aMites _xPhysiology _xCongresses. _943379 |
|
| 650 | 0 |
_aNutrition _xCongresses. _943380 |
|
| 650 | 0 |
_aPests _xControl _xCongresses. _943381 |
|
| 700 | 1 |
_aRodriguez, J. G., _d1920- _9225272 |
|
| 942 |
_2ddc _cBK |
||
| 999 |
_c13878 _d13878 |
||